[Event "POL-chT U19 1st League"]
[Site "Ustron"]
[Date "2015.07.31"]
[Round "7.30"]
[White "Kucharska, Honorata"]
[Black "Janiak, Izabela"]
[Result "1-0"]
[WhiteElo "1719"]
[BlackElo "1142"]
[PlyCount "125"]
[EventDate "2015.07.25"]
[EventType "team-tourn"]
[EventRounds "9"]
[EventCountry "POL"]
[SourceTitle "EXT 2018"]
[Source "ChessBase"]
[SourceDate "2017.10.13"]
[SourceVersion "1"]
[SourceVersionDate "2017.10.13"]
[SourceQuality "1"]
[WhiteTeam "Chrzanow UKS SP 8 U19"]
[BlackTeam "Wieliczka MKS MOS U19 II"]
[WhiteTeamCountry "POL"]
[BlackTeamCountry "POL"]

1. e4 e5 2. Nf3 Nc6 3. Bb5 Bc5 4. 0-0 d6 5. h3 Nf6 6. Re1 Bd7 7. c3 0-0 8. Ba4 Re8 9. Bc2 Re7 10. d4 exd4 11. cxd4 Bb4 12. Bd2 Bxd2 13. Qxd2 Qe8 14. Nc3 h6 15. a3 a5 16. Rad1 b6 17. Qf4 Nh5 18. Qh4 f6 19. e5 fxe5 20. Nd5 Be6 21. Nxe7+ Nxe7 22. dxe5 Qf7 23. exd6 cxd6 24. Rxe6 Qxe6 25. Qxh5 Rc8 26. Nd4 Qf6 27. Bb3+ Kh8 28. Qf7 Qe5 29. Qe6 Qxe6 30. Nxe6 Rc6 31. Nd8 Rc5 32. Rxd6 Rb5 33. Rd3 Nf5 34. Ne6 Kh7 35. Rf3 Kg6 36. Bc2 Kf6 37. Rxf5+ Rxf5 38. Bxf5 Kxf5 39. Nxg7+ Kg6 40. Ne6 Kf6 41. Nf4 b5 42. Nd5+ Ke5 43. Nc7 Kd6 44. Nxb5+ Kc5 45. f4 Kxb5 46. f5 Kc6 47. b4 axb4 48. axb4 Kd7 49. b5 Kc7 50. f6 Kd7 51. b6 Kd8 52. f7 Ke7 53. b7 Kxf7 54. b8Q Kg7 55. Qe8 h5 56. g4 hxg4 57. hxg4 Kh7 58. g5 Kg7 59. Kg2 Kh7 60. Qf7+ Kh8 61. Qe7 Kg8 62. g6 Kh8 63. Qf8# 1-0

[Event "POL-chT U19 1st League"]
[Site "Ustron"]
[Date "2015.07.29"]
[Round "5.30"]
[White "Janiak, Izabela"]
[Black "Rudzinska, Michalina"]
[Result "0-1"]
[WhiteElo "1142"]
[BlackElo "1693"]
[PlyCount "134"]
[EventDate "2015.07.25"]
[EventType "team-tourn"]
[EventRounds "9"]
[EventCountry "POL"]
[SourceTitle "EXT 2018"]
[Source "ChessBase"]
[SourceDate "2017.10.13"]
[SourceVersion "1"]
[SourceVersionDate "2017.10.13"]
[SourceQuality "1"]
[WhiteTeam "Wieliczka MKS MOS U19 II"]
[BlackTeam "Suwalki Hancza U19"]
[WhiteTeamCountry "POL"]
[BlackTeamCountry "POL"]

1. e4 c5 2. Nf3 e6 3. d4 cxd4 4. Nxd4 Nc6 5. Nc3 Qc7 6. Be3 a6 7. Be2 Nf6 8. a3 Be7 9. 0-0 0-0 10. f4 d6 11. Kh1 b5 12. Bf3 Bb7 13. Qe1 Rfe8 14. Qg3 g6 15. Rae1 Bf8 16. Re2 Bg7 17. Rd1 Na5 18. Rd3 Nc4 19. Bc1 Nd7 20. Qf2 Nc5 21. Rd1 Red8 22. Ree1 Rac8 23. b4 Nd7 24. Nce2 Ndb6 25. Rd3 Na4 26. Ng3 Qb6 27. Kg1 Ncb2 28. Rd2 Nc4 29. Rd3 Nab2 30. Bxb2 Nxb2 31. Rd2 Nc4 32. Rd3 Nxa3 33. Rc1 Bxd4 34. Qxd4 Qxd4+ 35. Rxd4 Nxc2 36. Rdd1 Nxb4 37. Rb1 Nc2 38. Ne2 b4 39. Nc1 a5 40. Nb3 a4 41. Nc1 b3 42. Kf2 Na3 43. Rb2 Rc2+ 44. Rxc2 Nxc2 45. Ke2 b2 46. Na2 Rc8 47. Rb1 a3 48. g3 Ba6+ 49. Kd2 Bc4 50. Nc3 Bb3 51. Bd1 Nd4 52. Bxb3 Nxb3+ 53. Kc2 a2 54. Kxb2 axb1Q+ 55. Kxb1 Rxc3 56. Kb2 Re3 57. Ka3 Nc5+ 58. Kb4 Rxe4+ 59. Kb5 Nd7 60. Kc6 d5 61. Kxd7 d4 62. Kd6 d3 63. Kc5 d2 64. Kc6 d1Q 65. h4 Rc4+ 66. Kb5 Qb3+ 67. Ka5 Ra4# 0-1

[Event "POL-chT U19 1st League"]
[Site "Ustron"]
[Date "2015.07.28"]
[Round "4.12"]
[White "Nowicka, Julia"]
[Black "Janiak, Izabela"]
[Result "1/2-1/2"]
[WhiteElo "1298"]
[BlackElo "1142"]
[PlyCount "111"]
[EventDate "2015.07.25"]
[EventType "team-tourn"]
[EventRounds "9"]
[EventCountry "POL"]
[SourceTitle "EXT 2018"]
[Source "ChessBase"]
[SourceDate "2017.10.13"]
[SourceVersion "1"]
[SourceVersionDate "2017.10.13"]
[SourceQuality "1"]
[WhiteTeam "Grzybowo GKSz Solny U19"]
[BlackTeam "Wieliczka MKS MOS U19 II"]
[WhiteTeamCountry "POL"]
[BlackTeamCountry "POL"]

1. e4 e5 2. Nf3 Nc6 3. d4 exd4 4. Nxd4 Bc5 5. Nb3 Bb6 6. Nc3 Nf6 7. a4 a5 8. Bg5 d6 9. Bd3 Be6 10. 0-0 Ne5 11. Bb5+ c6 12. Be2 Bxb3 13. cxb3 Bc5 14. Kh1 h6 15. Bh4 Ng6 16. Bg3 Qe7 17. Re1 0-0 18. Bc4 Rfe8 19. f3 Qd7 20. Qc2 Kh8 21. Rad1 Qc7 22. Bd3 Re7 23. f4 Nh5 24. Ne2 Nxg3+ 25. Nxg3 Nxf4 26. Bc4 Rae8 27. Nf5 Re5 28. Qc3 Bb4 29. Qg3 Ng6 30. Rf1 Rf8 31. h4 d5 32. exd5 Qb8 33. h5 Rxf5 34. Qxb8 Rxf1+ 35. Rxf1 Rxb8 36. hxg6 cxd5 37. Bxd5 fxg6 38. Be4 g5 39. Rf7 b6 40. Kh2 Bc5 41. Kh3 Re8 42. Bg6 Rd8 43. Bf5 Bd4 44. Rb7 Kg8 45. Be6+ Kf8 46. Kg4 Rd6 47. Bc4 Bxb2 48. Kh5 Bd4 49. Kg4 Rf6 50. g3 Rd6 51. Kh5 Be5 52. g4 Rc6 53. Rf7+ Ke8 54. Bb5 Kxf7 55. Bxc6 Bd6 56. Be4 1/2-1/2

[Event "POL-chT U19 1st League"]
[Site "Ustron"]
[Date "2015.07.26"]
[Round "2.18"]
[White "Karlyk, Maria"]
[Black "Janiak, Izabela"]
[Result "1-0"]
[WhiteElo "1392"]
[BlackElo "1142"]
[PlyCount "87"]
[EventDate "2015.07.25"]
[EventType "team-tourn"]
[EventRounds "9"]
[EventCountry "POL"]
[SourceTitle "EXT 2018"]
[Source "ChessBase"]
[SourceDate "2017.10.13"]
[SourceVersion "1"]
[SourceVersionDate "2017.10.13"]
[SourceQuality "1"]
[WhiteTeam "Zary ZKSz U19"]
[BlackTeam "Wieliczka MKS MOS U19 II"]
[WhiteTeamCountry "POL"]
[BlackTeamCountry "POL"]

1. e4 e5 2. Nf3 Nc6 3. d4 exd4 4. Nxd4 Bc5 5. Be3 Qf6 6. c3 Nge7 7. Be2 d6 8. a3 a5 9. 0-0 0-0 10. f4 Re8 11. Qd2 Bd7 12. Kh1 h6 13. Bc4 Ng6 14. e5 Qe7 15. Nxc6 Bxc6 16. Bxc5 dxc5 17. Bd5 Red8 18. c4 Rd7 19. Nc3 Rad8 20. Qe3 Bxd5 21. Nxd5 Qf8 22. Qg3 Kh8 23. Rad1 c6 24. Ne3 Rxd1 25. Nxd1 Rd7 26. f5 Ne7 27. f6 gxf6 28. exf6 Nf5 29. Qf4 Nd4 30. Ne3 Rd6 31. Ng4 Kh7 32. Qe4+ Kh8 33. Qf4 Kh7 34. Re1 Ne6 35. Qf5+ Kh8 36. h3 Nd4 37. Qh5 Ne6 38. Nxh6 Nf4 39. Qg5 Nd3 40. Re8 Nf2+ 41. Kh2 Ng4+ 42. Nxg4 Kh7 43. Rxf8 Rxf6 44. Nxf6# 1-0

[Event "POL-chT U19 1st League"]
[Site "Ustron"]
[Date "2015.07.25"]
[Round "1.18"]
[White "Janiak, Izabela"]
[Black "Moscicka, Pola"]
[Result "0-1"]
[WhiteElo "1142"]
[BlackElo "1644"]
[PlyCount "148"]
[EventDate "2015.07.25"]
[EventType "team-tourn"]
[EventRounds "9"]
[EventCountry "POL"]
[SourceTitle "EXT 2018"]
[Source "ChessBase"]
[SourceDate "2017.10.13"]
[SourceVersion "1"]
[SourceVersionDate "2017.10.13"]
[SourceQuality "1"]
[WhiteTeam "Wieliczka MKS MOS U19 II"]
[BlackTeam "Chylice KS Laura U19"]
[WhiteTeamCountry "POL"]
[BlackTeamCountry "POL"]

1. e4 c5 2. Nf3 d6 3. d4 cxd4 4. Nxd4 Nf6 5. Nc3 a6 6. a4 e5 7. Nf3 Bg4 8. Be2 Be7 9. h3 Bh5 10. Be3 Nbd7 11. 0-0 0-0 12. Qd2 Qc7 13. Bg5 Bg6 14. Qd3 Nc5 15. Qe3 Ncxe4 16. Nxe4 Nxe4 17. Bxe7 Qxe7 18. Rfd1 Rac8 19. Rac1 Rfd8 20. Bd3 Nf6 21. Bxg6 hxg6 22. Rd2 Qc7 23. Rcd1 Rd7 24. g4 Rcd8 25. g5 Nh5 26. h4 Qc4 27. Nxe5 dxe5 28. Rxd7 Rxd7 29. Rxd7 Qg4+ 30. Kf1 Qxd7 31. Qxe5 Qxa4 32. Qb8+ Kh7 33. Qxb7 Qa1+ 34. Kg2 Qa4 35. Kh3 Qxc2 36. Qb6 Qf5+ 37. Kh2 Qf4+ 38. Kg2 Qxh4 39. Qc5 Nf4+ 40. Kf3 Ne6 41. Qe5 Qxg5 42. Qd6 Qf6+ 43. Ke3 Qxb2 44. Qxa6 Qc3+ 45. Ke2 Nf4+ 46. Kd1 Qd3+ 47. Qxd3 Nxd3 48. Ke2 Nxf2 49. Kxf2 f5 50. Kf3 g5 51. Kg3 g4 52. Kf2 f4 53. Kg2 g5 54. Kf2 Kh6 55. Kg2 Kh5 56. Kf2 Kh4 57. Kg2 g3 58. Kg1 Kh3 59. Kh1 f3 60. Kg1 f2+ 61. Kf1 Kh2 62. Ke2 Kg2 63. Ke3 f1Q 64. Ke4 Kh2 65. Ke5 g2 66. Ke6 g1R 67. Ke7 Qf3 68. Ke6 Re1+ 69. Kd6 Qd3+ 70. Kc5 Rc1+ 71. Kb4 Qd8 72. Kb3 Qb8+ 73. Ka2 Rc7 74. Ka1 Ra7# 0-1